1460 1854 1080 1960 1307 1632 1026 1070 1534 1021 1534 1783 1324 1361 1548 1192 1676 1924 1057 1206 1437 1834 1574 1503 1423 1859 1467 1396 1386 1325 1904 1942 1564 1336 1750 1986 1380 1650 1725 1061 1678 1104 1562 1937 1259 1882 1780 1742 1690 1966 1620 1625 1771 1955 1428 1643 1936 1251 1248 1446 1450 1669 1151 1574 1489 1280 1489 1108 1180 1755 1078 1714 1144 1512 1153 1900 1285 1833 1981 1277 1946 1578 1462 1695 1749 1250 1848 1841 1930 1385 1310 1685 1855 1032 1925 1304 1868 1305 1568 BCNSPRNW ULIB Ver.6.0+V

เปลี่ยนเป็นภาษาไทย

Change to English
 แสดงรายละเอียดบรรณานุกรม
  กลับหน้าหลัก

Brief Record : Get Marc (ISO 2709) : E-mail record : QR code < ปิดหน้าต่าง
LEADER : 00000nam 2200000uu 4500
001    13399120874
003     ULIB
008    020711sมปป. th a 000 0 tha d
020    978616904507
050    DS589.B2 อ44ว
100    อุดม เชียกีวงศ์
245    วิถีชีวิตของชุมชนที่อาศัยอยู่ริมแม่น้ำ
250    พิมพ์ครั้งที่ 1
260    2552 :^bม.ป.ท.,^cม.ป.ป.
300    256 หน้า
945    ^p150^l0^i16683
999    ^aทศพร เกษรทอง
รายการนี้ยังไม่มีแท็ก
คุณยังไม่ได้ล็อกอิน คุณสามารถมีกิจกรรมร่วมกับเว็บไซต์ได้ แต่ต้องล็อกอินก่อน ::
  ล็อกอิน

รายการสื่อสารสนเทศ

ลำดับที่ ประเภท เลขเรียก/บาร์โค้ด สถานที่ สถานะ
1. วิทยาศาสตร์การแพทย์ และสุขภาพ
วิทยาศาสตร์การแพทย์ และสุขภาพ
DS589.B2 อ44ว  
  Barcode: 16683
ห้องสมุดวิทยาเขตสวรรค์ประชารักษ์
►หนังสือทั่วไป
บนชั้น

BibComment


ยังไม่เคยถูกคอมเมนท์

คอมเมนท์ทรัพยากรรายการนี้
  คอมเมนท์: วิถีชีวิตของชุมชน..


 Copyright 2026. Bcnsprnw @Library